Sales promotion essentials : (Record no. 142856)

MARC details
000 -LEADER
fixed length control field 00739nam a2200229 a 4500
008 - FIXED-LENGTH DATA ELEMENTS--GENERAL INFORMATION
fixed length control field
020 ## - INTERNATIONAL STANDARD BOOK NUMBER
International Standard Book Number 0844230677 (pbk.)
049 ## - LOCAL HOLDINGS (OCLC)
Holding library MAIN
090 ## - LOCALLY ASSIGNED LC-TYPE CALL NUMBER (OCLC); LOCAL CALL NUMBER (RLIN)
Classification number (OCLC) (R) ; Classification number, CALL (RLIN) (NR) HF5438.5
Local cutter number (OCLC) ; Book number/undivided call number, CALL (RLIN) SCH
003 - CONTROL NUMBER IDENTIFIER
control field
005 - DATE AND TIME OF LATEST TRANSACTION
control field 20230123133115.0
040 ## - CATALOGING SOURCE
Transcribing agency NUST
100 1# - MAIN ENTRY--PERSONAL NAME
Personal name Schultz, Don E.
245 10 - TITLE STATEMENT
Title Sales promotion essentials :
Remainder of title the 12 basic sales promotion techniques ... and how to use them /
Statement of responsibility, etc. Don E. Schultz and William A. Robinson.
260 ## - PUBLICATION, DISTRIBUTION, ETC.
Place of publication, distribution, etc. Lincolnwood IL. :
Name of publisher, distributor, etc. NTC Business Books,
Date of publication, distribution, etc. c1982.
300 ## - PHYSICAL DESCRIPTION
Extent v, 234 p. :
Other physical details ill. ;
Dimensions 24 cm.
500 ## - GENERAL NOTE
General note Includes index.
650 #0 - SUBJECT ADDED ENTRY--TOPICAL TERM
Topical term or geographic name entry element Sales promotion.
700 1# - ADDED ENTRY--PERSONAL NAME
Personal name Robinson, William A.
907 ## - LOCAL DATA ELEMENT G, LDG (RLIN)
a .b10005298
b 20-03-12
c 17-04-03
942 ## - ADDED ENTRY ELEMENTS (KOHA)
Koha item type Ordinary Loan Books
Call number prefix HF5438.5
Call number suffix SCH
Holdings
Date last seen Total Checkouts Full call number Barcode Cost, replacement price Price effective from Koha item type Lost status Source of classification or shelving scheme Damaged status Not for loan Collection Withdrawn status Home library Current library Shelving location Date acquired Cost, normal purchase price
01/23/2023 12 HF5438.5 SCH 92003003496 80.00 01/23/2023 BOOKS   LCC     NFIC   MAIN MAIN GEN 01/23/2023 80.00